Polymérne zmesi na báze biodegradovateľných polymérov z obnoviteľných zdrojov

Saved in:
Bibliographic Details
Main Author: Danišová, Lucia (Author)
Other Authors: Alexy, Pavel (Thesis advisor)
Format: Manuscript Book
Language:Slovak
Published: 2022
Subjects:
Online Access:http://is.stuba.sk/zp/portal_zp.pl?podrobnosti=172500
Tags: Add Tag
No Tags, Be the first to tag this record!

MARC

LEADER 00000ntm a22000003a 4500
001 stuzp87098
003 SK-STU
005 20220827210455.8
007 ta
008 150427s2015----xo-----f-mn---000-0-slo-d
040 |a STU  |b slo 
041 0 |a slo 
100 1 |a Danišová, Lucia  |u 049370  |k Z3  |4 aut  |U FCHPT Ústav prírodných a syntetických polymérov  |T FCHPT Oddelenie plastov, kaučuku a vlákien  |X 6718  |U C9370  |Y 128  |7 A000006718 
242 0 1 |a Biodegradable biobased polymer blends  |y eng 
245 1 0 |a Polymérne zmesi na báze biodegradovateľných polymérov z obnoviteľných zdrojov 
260 |c 2022 
650 4 |a polyhydroxybutyrát  |2 slo 
650 4 |a termoplastický škrob  |2 slo 
650 4 |a biodegradovateľné zmesi  |2 slo 
650 4 |a fóliové materiály  |2 slo 
650 4 |a kyselina polymliečna  |2 slo 
650 4 |a polylactic acid  |2 eng 
650 4 |a polyhydroxybutyrate  |2 eng 
650 4 |a thermoplastic starch  |2 eng 
650 4 |a biodegradable blends  |2 eng 
650 4 |a film materials  |2 eng 
700 1 |a Alexy, Pavel  |u 049370  |k Z1  |4 ths  |U FCHPT Ústav prírodných a syntetických polymérov  |T FCHPT Oddelenie plastov, kaučuku a vlákien  |X 3899  |U C9370  |Y 128  |7 A000003899 
856 4 |u http://is.stuba.sk/zp/portal_zp.pl?podrobnosti=172500